000 00697nam a2200253Ia 4500
001 34378
005 20240114001727.0
007 ta
008 070219s1962 a g b000 u 346 u
040 _aCotton College,Assam
041 _a346
082 _a920
_bT 326 M
100 _aMitra, Kishori Chand .
245 0 _aDwarakanath Thakur /
_cKishori Chand Mitra.
_hTextual Documents
250 _a1st ed. /
260 _aCalcutta :
_bPublication Pvt.Ltd. ,
_c1962.
300 _a332p. :
_bill ;
_c22cm .
653 _aBiography-Dwarakanath Thakur
653 _aDwarakanath Thakur-Biography
653 _aG-Biography
942 _2ddc
_cBK
999 _c34360
_d34360